000 00461nam a2200205Ia 4500
008 210210b1959 xxu||||| |||| 00| 0 eng d
041 _aeng
082 _a825/558
100 _aMATTHIESSEN
245 _aAchievement of t s eliot
260 _aLondon
_bOxford University Press
_c1959
650 _at
650 _as
650 _aof
650 _aeliot
650 _aAchievement
690 _aEnglish Criticism
700 _aBARBER
906 _a014874
999 _c134098
_d134098